| 000 | 01128nam a22002657a 4500 | ||
|---|---|---|---|
| 005 | 20170124103150.0 | ||
| 010 | _aB-201968 | ||
| 020 | _c275.00 | ||
| 035 | _aB-201968 | ||
| 037 | _bCen Lib/Ret | ||
| 040 |
_aDPL _bHN |
||
| 082 |
_a507 _bजैनए |
||
| 100 |
_aजैन, एम के. _942260 |
||
| 245 |
_aविज्ञान शिक्षण / _cएम.के जैन [एवं] के.सी. दीक्षित |
||
| 246 |
_aVigyan shikshan / _bby M.K. jain [evam] K.C. Dikshit |
||
| 260 |
_aजयपुर _bराजस्थान प्रकाशन _c2002 |
||
| 270 |
_bजयपुर _a28/29, त्रिपोलिया बाज़ार _e302002 |
||
| 300 |
_a269पृ. _c20सेमी(सजिल्द ) |
||
| 650 |
_aविज्ञान-शिक्षण _x _z _987797 |
||
| 650 |
_aविज्ञान-शिक्षण उद्देश्य _97125 |
||
| 650 |
_aScience-Education _93710 |
||
| 650 |
_aScience-teaching objective _987798 |
||
| 700 |
_aदीक्षित, के.सी. _987799 |
||
| 942 |
_2ddc _cHN _h507 _mजैनए |
||
| 999 |
_c119945 _d119945 |
||